Statistics for Curious George Theme Song Lyrics

Click here to take the quiz!

General Stats

  • This quiz has been taken 56 times
  • The average score is 30 of 76

Answer Stats

Answer% Correct
curious,
74%
curious
74%
Curious
74%
Curious
74%
curious,
74%
curious,
74%
a
63%
A
63%
George
63%
George
63%
like
58%
like
58%
like
58%
Like
58%
the
53%
know
47%
you
47%
You
47%
you
47%
You
47%
be
42%
do
42%
never
42%
never
42%
"What
42%
When
42%
When
42%
When
42%
adventure
37%
and
37%
And
37%
And
37%
and
37%
around
37%
bend
37%
big
37%
is
37%
is
37%
is
37%
There's
37%
this?"
37%
this
37%
wonderous
37%
can't
32%
everything
32%
friend
32%
friends
32%
glorious
32%
just
32%
meet
32%
miss
32%
reward
32%
so
32%
so
32%
to
32%
what's
32%
your
32%
your
32%
you're
32%
ask
26%
bored
26%
brand
26%
door
26%
explore
26%
If
26%
more
26%
new
26%
open
26%
or
26%
that's
26%
that's
26%
You'll
26%
everyday
21%
marvelous
21%
yourself,
21%
Get
11%

Score Distribution

Percentile by Number Answered

Percent of People with Each Score

Your Score History

You have not taken this quiz